The economics of co-operative enterprise (Record no. 411704)

000 -LEADER
fixed length control field 00381cam a22001337a 4500
008 - FIXED-LENGTH DATA ELEMENTS--GENERAL INFORMATION
fixed length control field 180718b1968 xxu||||| |||| 00| 0 eng d
020 ## - INTERNATIONAL STANDARD BOOK NUMBER
International Standard Book Number GB340 06097 2
082 ## - DEWEY DECIMAL CLASSIFICATION NUMBER
Classification number T16 H367
100 ## - MAIN ENTRY--PERSONAL NAME
Personal name Helm,Franz C.
245 ## - TITLE STATEMENT
Title The economics of co-operative enterprise
Statement of responsibility, etc. By Franz C. Helm
260 ## - PUBLICATION, DISTRIBUTION, ETC.
Place of publication, distribution, etc. Moshi
Name of publisher, distributor, etc. University of London
Date of publication, distribution, etc. 1968
300 ## - PHYSICAL DESCRIPTION
Extent x, 246p
650 ## - SUBJECT ADDED ENTRY--TOPICAL TERM
Topical term or geographic name entry element Cooperative societies
Holdings
Withdrawn status Lost status Damaged status Not for loan Permanent Location Current Location Date acquired Full call number Barcode Date last seen Price effective from Koha item type
        Indian Institute of Public Administration Indian Institute of Public Administration 2009-01-30 T16 H367 DA2038 2018-07-21 2018-07-21 DA

Powered by Koha